<?xml version="1.0" encoding="UTF-8"?>
<record
    xmlns:xsi="http://www.w3.org/2001/XMLSchema-instance"
    xsi:schemaLocation="http://www.loc.gov/MARC21/slim http://www.loc.gov/standards/marcxml/schema/MARC21slim.xsd"
    xmlns="http://www.loc.gov/MARC21/slim">

  <leader>00823nam a22002297a 4500</leader>
  <controlfield tag="003">dpl</controlfield>
  <controlfield tag="005">20240221125646.0</controlfield>
  <controlfield tag="008">240221b        |||||||| |||| 00| 0 eng d</controlfield>
  <datafield tag="010" ind1=" " ind2=" ">
    <subfield code="a">HIN-126931</subfield>
  </datafield>
  <datafield tag="020" ind1=" " ind2=" ">
    <subfield code="a">9789382554394</subfield>
    <subfield code="c">350.00</subfield>
  </datafield>
  <datafield tag="035" ind1=" " ind2=" ">
    <subfield code="a">HN-99278</subfield>
  </datafield>
  <datafield tag="037" ind1=" " ind2=" ">
    <subfield code="b">DBAD/PUB</subfield>
  </datafield>
  <datafield tag="040" ind1=" " ind2=" ">
    <subfield code="c">0</subfield>
  </datafield>
  <datafield tag="082" ind1=" " ind2=" ">
    <subfield code="2">&#x92A;&#x94D;&#x930;&#x925;&#x92E; &#x938;&#x902;&#x938;&#x94D;&#x915;&#x930;&#x923; 2022</subfield>
    <subfield code="a">821</subfield>
  </datafield>
  <datafield tag="100" ind1=" " ind2=" ">
    <subfield code="a">&#x938;&#x93F;&#x902;&#x939; &#x938;&#x93F;&#x915;&#x930;&#x935;&#x93E;&#x930; &#x906;&#x936;&#x93E;  </subfield>
    <subfield code="9">62329</subfield>
  </datafield>
  <datafield tag="245" ind1=" " ind2=" ">
    <subfield code="a">&#x938;&#x94D;&#x924;&#x94D;&#x930;&#x940; &#x915;&#x940; &#x917;&#x902;&#x926;/</subfield>
  </datafield>
  <datafield tag="260" ind1=" " ind2=" ">
    <subfield code="a">&#x926;&#x93F;&#x932;&#x94D;&#x932;&#x940;</subfield>
    <subfield code="b">&#x905;&#x925;&#x947;&#x926; &#x92A;&#x94D;&#x930;&#x915;&#x93E;&#x936;&#x928; </subfield>
  </datafield>
  <datafield tag="270" ind1=" " ind2=" ">
    <subfield code="a">&#x908;- 17 &#x92A;&#x902;&#x91A;&#x936;&#x940;&#x932; &#x917;&#x93E;&#x930;&#x94D;&#x921;&#x928; , &#x928;&#x935;&#x940;&#x928; &#x936;&#x93E;&#x939;&#x926;&#x930;&#x93E; </subfield>
    <subfield code="b">&#x926;&#x93F;&#x932;&#x94D;&#x932;&#x940;-110032</subfield>
  </datafield>
  <datafield tag="300" ind1=" " ind2=" ">
    <subfield code="a">152;P</subfield>
    <subfield code="c">23CM</subfield>
  </datafield>
  <datafield tag="440" ind1=" " ind2=" ">
    <subfield code="a">&#x938;&#x94D;&#x924;&#x94D;&#x930;&#x940; &#x915;&#x940; &#x917;&#x902;&#x927; </subfield>
    <subfield code="9">62330</subfield>
  </datafield>
  <datafield tag="942" ind1=" " ind2=" ">
    <subfield code="2">ddc</subfield>
    <subfield code="c">HN</subfield>
    <subfield code="h">821</subfield>
    <subfield code="m">&#x938;&#x93F;&#x915;&#x930;</subfield>
  </datafield>
  <datafield tag="999" ind1=" " ind2=" ">
    <subfield code="c">200965</subfield>
    <subfield code="d">200965</subfield>
  </datafield>
</record>
